<?xml version="1.0" encoding="UTF-8"?>
<collection xmlns="http://www.loc.gov/MARC21/slim">
 <record>
  <leader>03186nam a2200217Ia 4500</leader>
  <controlfield tag="001">TDMU_30218</controlfield>
  <controlfield tag="008">210410s9999    xx            000 0 und d</controlfield>
  <datafield tag="082" ind1=" " ind2=" ">
   <subfield code="a">514.2</subfield>
  </datafield>
  <datafield tag="090" ind1=" " ind2=" ">
   <subfield code="b">D109</subfield>
  </datafield>
  <datafield tag="100" ind1=" " ind2=" ">
   <subfield code="a">Das, Sanchita Basu</subfield>
  </datafield>
  <datafield tag="245" ind1=" " ind2="0">
   <subfield code="a">Achieving the ASEAN Economic Community 2015</subfield>
  </datafield>
  <datafield tag="245" ind1=" " ind2="0">
   <subfield code="b">Challenges for Member Countries and Businesses</subfield>
  </datafield>
  <datafield tag="245" ind1=" " ind2="0">
   <subfield code="c">edited by Sanchita Basu Das</subfield>
  </datafield>
  <datafield tag="260" ind1=" " ind2=" ">
   <subfield code="a">Singapore</subfield>
  </datafield>
  <datafield tag="260" ind1=" " ind2=" ">
   <subfield code="b">Institute of Southeast Asian Studies</subfield>
  </datafield>
  <datafield tag="260" ind1=" " ind2=" ">
   <subfield code="c">2012</subfield>
  </datafield>
  <datafield tag="300" ind1=" " ind2=" ">
   <subfield code="a">373 p.</subfield>
  </datafield>
  <datafield tag="520" ind1=" " ind2=" ">
   <subfield code="a">Includes index; 1. Introduction: State of Readiness of ASEAN Economies and Businesses, by Sanchita Basu Das -- 2. ASEAN's Readiness in Achieving the AEC 2015: Prospects and Challenges, by S. Pushpanathan -- PART I: CHALLENGES FOR MEMBER COUNTRIES -- 3. Achieving the AEC 2015: Challenges for Brunei Darussalam, by Lim Jock Hoi -- 4. Achieving the AEC2015: Challenges for Cambodia and its Businesses, by Chan Sophal and Larry Strange -- 5. AEC 2015, Cambodia, and the Lao PDR: View from the GMS, by Pradeep Srivastava -- 6. Deadline 2015: Assessing Indonesia's Progress towards the AEC, by Hadi Soesastro and Raymond Atje -- 7. Towards an Integrated AEC: Where is Malaysia? by Rajah Rasiah -- 8. Achieving the AEC 2015: Challenges for the Philippines, by Jenny D. Balboa, Fatima Lourdes E. Del Prado, and Josef T. Yap -- 9. ASEAN Economic Integration: Perspectives from Singapore, by Ong Keng Yong -- 10. Achieving the AEC 2015: Challenges for Thailand, by Nipon Poapongsakorn -- 11. Achieving an Efficient AEC by 2015: A Perspective from Vietnam, by Vo Tri Thanh -- PART II: CHALLENGES FOR THE PRIVATE SECTOR -- 12. ASEAN Economic Integration: Challenges to Brunei Businesses, by Pushpa Thambipillai -- 13. Perspectives of the Indonesian Business Sector on the Regional Integration Process, by Widdi Mugijayani and Pratiwi Kartika -- 14. Achieving the AEC 2015: Challenges for the Malaysian Private Sector, by Mahani Zainal Abidin, Loh Geok Mooi, and Nor Izzatina Abdul Aziz -- 15. Role of the Private Sector in Regional Economic Integration: A View from the Philippines, by Maureen Ane d. Rosellon and Josef T. Yap -- 16. Role of the Singapore Private Sector in ASEAN Economic Integration, by Juliana Giam --17. Thailand's Perspective on the Role of the Private Sector in the Process of Regional Integration, by Eggaluck Suwannakarn and Pisesporn Wasawong -- 18. The Private Sector's articipation in Regional Integration: A Perspective from Vietnam, by Vo Tri Thanh and Nguyen Anh Duong -- PART III: CONCLUSION AND RECOMMENDATIONS -- 19. Conclusion and Recommendations for an Effective AEC, by Sanchita Basu Das -- Index</subfield>
  </datafield>
  <datafield tag="650" ind1=" " ind2=" ">
   <subfield code="a">ASEAN</subfield>
   <subfield code="v">Congresses; Business enterprises</subfield>
   <subfield code="z">Southeast Asia</subfield>
   <subfield code="v">Congresses; Regional economics</subfield>
   <subfield code="z">Southeast Asia</subfield>
   <subfield code="v">Congresses; Southeast Asia</subfield>
   <subfield code="x">Economic integration</subfield>
   <subfield code="v">Congresses; Đông Nam Á</subfield>
   <subfield code="v">Hội nghị; Doanh nghiệp kinh doanh</subfield>
   <subfield code="z">Đông Bắc Á</subfield>
   <subfield code="v">Hội nghị; Kinh tế khu vực</subfield>
   <subfield code="z">Đông Bắc Á</subfield>
   <subfield code="v">Hội nghị; Đông Bắc Á</subfield>
   <subfield code="x">Hội nhập kinh tế</subfield>
   <subfield code="v">Hội nghị</subfield>
  </datafield>
  <datafield tag="856" ind1=" " ind2=" ">
   <subfield code="u">http://lrc.tdmu.edu.vn/opac/search/detail.asp?aID=2&amp;ID=30218</subfield>
  </datafield>
  <datafield tag="980" ind1=" " ind2=" ">
   <subfield code="a">Trung tâm Học liệu Trường Đại học Thủ Dầu Một</subfield>
  </datafield>
 </record>
</collection>
